Responses for show #5465 - Friday, May 16, 2008

2008 College Championship final game 2.
From the Kohl Center at the University of Wisconsin-Madison.

Contestants

Danielle Zsenak, a senior from Marquette University (subtotal of $30,000)

Andrew Chung, a sophomore from Harvey Mudd College (subtotal of $11,998)

Joey Beachum, a senior from Mississippi State University (subtotal of $15,200)

Jeopardy! Round responses

STATE FACTS
BIBLE STORIES
POTPOURRI
WORD ORIGINS
TELEVISION
NEW REALITY SHOWS?
    $200 6
Montana

Danielle
    $200 1
a dove

Joey
    $200 18
Crayola

Danielle
    $200 11
the yolk

Joey
    $200 16
Grey's Anatomy

Danielle
    $200 23
Henry VIII

Andrew
    $400 7
California

Andrew
    $400 2
Sodom

Joey
    $400 19
the Wright Brothers

Joey
    $400 12
summer

Triple Stumper
    $400 17
Desperate Housewives

Joey
    $400 24
Iran

Joey
    $600 8
Illinois

Joey
    $600 3
King Herod

Joey
    $600 20
the Attorney General

Joey
    $600 13
zenith

Danielle
    $600 28
Lost

Danielle
    $600 25
Donald Rumsfeld

Joey
    $800 9
Colorado

Joey
    $1,200 4
(Alex: Yes, they began speaking in tongues.)

Pentecost

Joey
    $800 21
nunchaku (or numchucks)

Andrew
    $800 14
calcium

Triple Stumper
    $800 29
The Office

Danielle
    $800 26
Porsche

Triple Stumper
    $1000 10
Alabama

Joey
    $1000 5
[Applause for Joey's run of the category]

the Philistines

Joey
    $1000 22
a tangent

Joey
    $1000 15
the xylophone

Triple Stumper
    $1000 30
Heroes

Andrew
    $1000 27
the brain

Andrew

Scores at the first commercial break (after clue 15):

Joey Andrew Danielle
$6,000 $400 $800

Scores at the end of the Jeopardy! Round:

Joey Andrew Danielle
$9,400 $3,400 $2,600

Double Jeopardy! Round responses

HAIL TO THE CHIEF
HAPPY MADISON
WHAT'S WRONG WITH ME?
LET'S GO TO THE BALLET
FIGHT SONGS
(Alex: You have to name the nation whose army would sing each of the fight songs we give you.)
SLANGUAGE
    $400 3
FDR

Triple Stumper
    $400 16
Happy Gilmore & Billy Madison

Danielle
    $400 21
a migraine

Danielle
    $400 22
[As Joey responds, a clattering sound comes from offscreen. The camera cuts to the shot of all three podiums, but Andrew has disappeared. Joey looks over to see where he went. He pops up from behind his podium and whistles innocently. Danielle laughs.]

emeralds

Joey
    $400 1
Egypt

Joey
    $400 11
snowing & drizzling

Danielle
    $800 4
(Jimmy) Carter

Danielle
    $800 17
50 First Dates

Danielle
    $800 24
(Joey: What is astigmatism?)

myopia (or nearsightedness)

JoeyAndrew
    $800 23
The Nutcracker

Joey
    $800 2
(Danielle: What is Bolivia?)

Colombia

JoeyDanielle
    $800 12
the Pentagon

Danielle
    $1200 5
George Herbert Walker Bush

Joey
    $1200 18
Israel

Danielle
    $1200 25
anemia

Triple Stumper
    $1200 28
the Via Appia (the Appian Way)

Joey
    $1200 8
North Korea

Danielle
    $1200 13
(Joey: What are dodos?)

fish

Joey
Triple Stumper
    $5,000 6
(Alex: Yes. Defeated Taft and Teddy Roosevelt. Big jump.)

Woodrow Wilson

Joey
    $1600 19
The Benchwarmers

Joey
    $4,200 26
(Andrew: Hic! What are [*]?)

hiccups

Andrew
    $1600 29
Chopin

Danielle
    $1600 9
Italy

Danielle
    $1600 14
walking & jogging

Joey
    $2000 7
(Alex: The former president was [*].)

Ulysses Grant

Triple Stumper
    $2000 20
Deuce Bigalow: Male Gigolo

Joey
    $2000 27
(Joey: What is Rocky Mountain fever?)

Lyme disease

JoeyAndrew
    $2000 30
Rodeo

Joey
    $2000 10
Finland

Danielle
    $2000 15
Bill O'Reilly

Joey

Scores at the end of the Double Jeopardy! Round:

Joey Andrew Danielle
$24,400 $10,400 $13,000

[wagering suggestions for these scores]

Final Jeopardy! Round responses

ALLIANCES
AndrewWhat is Congrats to the winner. West is Best.
$10,400
DanielleWhat is France
$3,000
JoeyWhat is France? =)
$6,800
France

Final scores:

Joey Andrew Danielle
$31,200 $0 $16,000

Cumulative scores:

Joey Andrew Danielle
$46,400 $11,998 $46,000
Tournament champion: $100,000 + a trophy 2nd runner-up: $25,000 1st runner-up: $50,000

Game dynamics:

Coryat scores:

Joey Andrew Danielle
$20,600 $7,800 $13,000
27 R
(including 2 DDs),
3 W
8 R
(including 1 DD),
0 W
17 R,
1 W

Combined Coryat: $41,400

The J! Archive is created by fans, for fans. The Jeopardy! game show and all elements thereof, including but not limited to copyright and trademark thereto, are the property of Jeopardy Productions, Inc. and are protected under law. This website is not affiliated with, sponsored by, or operated by Jeopardy Productions, Inc. Join the discussion at JBoard.tv.